000 01185 a2200217 4500
003 Nust
005 20230320105613.0
010 _a 88060681
040 _cNust
082 0 0 _a629.2,RIB
100 1 _aRibbens, William B.
_967961
245 1 0 _aUnderstanding automotive electronics /
_cWilliam B. Ribbens, Norman P. Mansour ; with contributions by Gerald Luecke ... [et al.].
250 _a3rd ed. /
_brevised by William B. Ribbens.
260 _aIndianapolis, Ind., USA :
_bH.W. Sams,
_cc1988.
300 _aiv, 366 p. :
_bill. ;
_c23 cm.
440 0 _aSams understanding series
_9105784
505 _aAutomotive Fundamentals (Page-1), The Systems Approach to Control and Instrumentation (Page-20), Electronics Fundamentals (Page-47), Microcomputer Instrumentation and Control (Page-73), Sensor and Actuators (Page-119), The Basics of Electronics Engine Control (Page-163), Digital Engine Control System (Page-199), Vehicle Motion Control (Page-239), Automotive Instrumentation (Page-263), Diagnostics (Page-297), Future Automotive Electrical Systems (Page-323).
650 0 _aAutomobiles
_xElectronic equipment.
_983852
700 1 _aMansour, Norman P.
_983896
942 _2ddc
_cBK
999 _c183733
_d183733